Základy účetnictví

Charakteristika výsledovky. Formáty výsledovky - horizontálny, vertikálny formát. Štruktúra výsledovky podľa US GAAP. Štruktúra výsledovky podľa IFRS. Štruktúra výsledovky v Českej republike.

Saved in:
Bibliographic Details
Main Author: Dvořáková, Dana
Format: Book Chapter
Language:Czech
Subjects:
Tags: Add Tag
No Tags, Be the first to tag this record!

MARC

LEADER 00000naa$a2200000$$$4500
001 0098903
005 20230925091426.3
041 0 |a cze 
044 |a CZ 
245 1 0 |a Základy účetnictví  |c Dana Dvořáková 
520 |a Charakteristika výsledovky. Formáty výsledovky - horizontálny, vertikálny formát. Štruktúra výsledovky podľa US GAAP. Štruktúra výsledovky podľa IFRS. Štruktúra výsledovky v Českej republike. 
610 2 0 |a účtovníctvo 
610 2 0 |a výsledovka 
610 2 0 |a štandardy účtovné medzinárodné 
610 2 0 |a IFRS 
610 2 0 |a Česko 
100 1 |a Dvořáková, Dana